|
|
|
|
| LEADER |
00000nas a2200000 a 4500 |
| 001 |
ssj0000696646 |
| 003 |
WaSeSS |
| 005 |
20200512172242.0 |
| 006 |
m d |
| 007 |
cr n |
| 008 |
050927c20059999dcufr p scb 0 a0eng c |
| 010 |
|
|
|a 2007216191
|
| 022 |
|
|
|a 1940-8358
|l 1940-834X
|y 1940-834X
|
| 035 |
|
|
|a (WaSeSS)ssj0000696646
|
| 037 |
|
|
|b Hudson Institute, Center on Islam, Democracy and the Future of the Muslim World, 1015 15th St. NW, 6th Fl., Washington, DC 20005
|
| 040 |
|
|
|a AD#
|b eng
|c AD#
|d NSD
|d DOS
|d DLC
|d OCLCQ
|d OCLCO
|d OCLCF
|d CGU
|d OCLCO
|d OCLCQ
|d WaSeSS
|
| 042 |
|
|
|a pcc
|a nsdp
|
| 043 |
|
|
|a a------
|a f------
|
| 050 |
|
4 |
|a BP173.7
|b .C87
|
| 082 |
1 |
0 |
|a 320.5
|2 14
|
| 222 |
|
0 |
|a Current trends in Islamist ideology
|b (Online)
|
| 245 |
0 |
0 |
|a Current trends in Islamist ideology
|h [electronic resource].
|
| 260 |
|
|
|a Washington, D.C. :
|b Hudson Institute
|
| 362 |
1 |
|
|a Began with vol. 1, published in 2005.
|
| 500 |
|
|
|a Edited by Hillel Fradkin, Husain Haqqani, Eric Brown.
|
| 506 |
|
|
|a License restrictions may limit access.
|
| 550 |
|
|
|a Issued by the Center on Islam, Democracy, and The Future of the Muslim World at the Hudson Institute.
|
| 588 |
|
|
|a Description based on: Vol. 1, published in 2005; title from PDF title page (Hudson Institute website, viewed July 8, 2009).
|
| 588 |
|
|
|a Latest issue consulted: Vol. 8, published in 2009 (Hudson Institute website, viewed July 8, 2009).
|
| 650 |
|
0 |
|a Islam and politics
|z Islamic countries
|v Periodicals.
|
| 650 |
|
0 |
|a Islam and state
|z Islamic countries
|v Periodicals.
|
| 650 |
|
0 |
|a Democracy
|z Islamic countries
|v Periodicals.
|
| 650 |
|
7 |
|a Democracy.
|2 fast
|0 (OCoLC)fst00890077
|
| 650 |
|
7 |
|a Islam and politics.
|2 fast
|0 (OCoLC)fst00979879
|
| 650 |
|
7 |
|a Islam and state.
|2 fast
|0 (OCoLC)fst00979890
|
| 651 |
|
7 |
|a Islamic countries.
|2 fast
|0 (OCoLC)fst01244130
|
| 655 |
|
0 |
|a Electronic journals.
|
| 710 |
2 |
|
|a Hudson Institute.
|
| 710 |
2 |
|
|a Center on Islam, Democracy and the Future of the Muslim World.
|
| 776 |
0 |
8 |
|i Print version:
|t Current trends in Islamist ideology
|x 1940-834X
|w (DLC) 2007216190
|w (OCoLC)182747546
|
| 856 |
4 |
0 |
|z Full text available from Research Library: 01/01/2005 to present
|u https://search.proquest.com/publication/1766355
|